Fireworks production and safety / (Record no. 165095)

MARC details
000 -LEADER
fixed length control field 00659nam a2200193 4500
005 - DATE AND TIME OF LATEST TRANSACTION
control field 20190607122937.0
010 ## - LCCN (DPL NO)
LC control number ENG-125501
020 ## - INTERNATIONAL STANDARD BOOK NUMBER
International Standard Book Number 9789388398862
Terms of availability 200.00
035 ## - SYSTEM CONTROL NUMBER
System control number EN-109033
037 ## - SOURCE OF ACQUISITION
Source of stock number/acquisition DBAD/PUB
082 ## - DEWEY DECIMAL CLASSIFICATION NUMBER
Classification number 662.1
100 ## - MAIN ENTRY--PERSONAL NAME
Personal name Pitchipoo, P.
245 ## - TITLE STATEMENT
Title Fireworks production and safety /
Statement of responsibility, etc by P.Pitchipoo, P. Marichamy [and] Johnson Raja
260 ## - PUBLICATION, DISTRIBUTION, ETC. (IMPRINT)
Place of publication, distribution, etc Tamil Nadu
Name of publisher, distributor, etc Shanlax Publications
Date of publication, distribution, etc 2019
270 ## - ADDRESS
Address 61,66 T.P.K. Main Road
City Vasantha Nagar, Madurai
Postal code 625003
Electronic mail address publisher@shanlaxpublications.com
300 ## - PHYSICAL DESCRIPTION
Extent 142p.
Dimensions 22cm(pbk)
500 ## - GENERAL NOTE
General note Includes bibliographical references
942 ## - ADDED ENTRY ELEMENTS (KOHA)
Source of classification or shelving scheme Dewey Decimal Classification
Item type English Books
Classification part 662.1
Call number suffix PIT
Holdings
Withdrawn status Lost status Not for loan Collection code Home library Current library Date acquired Source of acquisition Cost, normal purchase price Full call number Barcode Copy number Cost, replacement price Koha item type
      Non-fiction Shahdara Branch Shahdara Branch 07/06/2019 DBAD/PUB 200.00 662.1 PIT EN-109033 1 200.00 English Books

© Delhi Public Library
Hit Counter
free hit counter